The big book of fun with the math : activities for small hands and lively minds

Bibliographic Details
Main Author: Schiller, Pam
Format: Book
Published: New Delhi : Viva Books Private Limited , 2004
Subjects:

MARC

LEADER 00000cam a2200000 7i4500
001 0000068301
005 20220105105416.0
008 161123
020 |a 817649853X 
090 0 0 |a MTH   |b ENG 
100 0 |a Schiller, Pam 
245 1 4 |a The big book of fun with the math :   |b activities for small hands and lively minds   |c Pam Schiller, Lynne Peterson 
260 |a New Delhi :   |b Viva Books Private Limited ,   |c 2004 
300 |a 269pg. 
500 |a Children ages 7-9 years old (orange) 
650 0 |a Mathematics   |x Study and teaching 
999 |a 0001077753   |b Book   |c Children Collection   |e Cawangan Segamat 
999 |a 0001078076   |b Book   |c Children Collection   |e Cawangan Bukit Gambir